| 000 | 00712nam a22001697a 4500 | ||
|---|---|---|---|
| 003 | NUST | ||
| 082 | _a621.382,KAY | ||
| 100 |
_aKayani, Muhammad Zeeshan _9133081 |
||
| 245 |
_aAutomated Micro Controlled Shed / _cMuhammad Zeeshan Kayani, Hashim Nawaz, Muhammad Irfan and Ahtesham Jamil Khan (BETE-55 /TCC-30) |
||
| 260 |
_aRawalpindi _bMCs (NUST) _cJune, 2022 |
||
| 300 | _ax, 22 p.; | ||
| 505 | _aIntroduction (Page-1), Literature Review (Page-6), Modules (Page-8), Function of Smart Bird's Cage (Page-12), Conclusion (Page-170, Future Work (Page-19), References (Page-20). | ||
| 650 |
_aUG Project _9131132 |
||
| 651 |
_a(BETE-55 /TCC-30) _9132999 |
||
| 700 | _aSupervised by Imran Javaid | ||
| 942 |
_2ddc _cPR |
||
| 999 |
_c616077 _d616077 |
||